000 01198nam a2200325 c 4500
003 BLK
005 20250313005553.0
008 180411b bul|||||r ||||||| ||bul||
010 _aKNG00213531000
020 _a978-954-09-1164-9
_bиздат.: Захарий Стоянов
040 _aBLK
041 _aBUL
_cBUL
072 7 _2bullib
_aН8400
_xБългарска поезия Н
080 _aБългарска литература
_b821.163.2
_x-1
_z821.163.2-1
100 1 _aЛевчев, Любомир Спиридонов
_d1935 - 2019
_gПоет, писател
_988160
139 _aЛевчев, Любомир Спиридонов
_bЛ 36
245 1 0 _aСамосън
_cЛюбомир Спиридонов Левчев.
257 _aBGR
260 София
_bЗахарий Стоянов
_c2017
_fСофия : Миг принт
300 _a56 с.
_c22 см
380 _aX
653 _aстихотворения
659 _aН
852 _aЦб 287707
856 4 _qpdf
_u
856 4 _qpdf
_u
942 _cKNG
_n0
944 _aCR
_c23.10.2017
_lCRON CRON
_k
944 _aED
_c16.01.2018
_lф /
_kПенка_Димитрова
999 _c203987
_d203987